| 000 | 00594nam a2200193 i 4500 | ||
|---|---|---|---|
| 001 | 91009 | ||
| 003 | ES-MaACL | ||
| 007 | t| | ||
| 008 | 050126s1983 sp ||||1| spa d | ||
| 100 | 1 |
_aLeón, Victor. _971598 |
|
| 245 | 1 | 0 |
_aDiccionario de argot español y lenguaje popular / _cVictor León. |
| 250 | _a3ª ed. | ||
| 260 |
_aMadrid : _bAlianza, _c[1983] |
||
| 300 |
_a157 p. ; _c18 cm. |
||
| 490 | 1 |
_aEl libro de bolsillo. Humanidades ; _v766 |
|
| 830 | 0 | 3 |
_aEl libro de bolsillo. _pHumanidades _v766 _9178672 |
| 852 |
_aES-MaACL _jL-7546 _bR.108191 |
||
| 999 |
_c91009 _d91009 |
||